000 00337nam a2200157Ia 4500
100 _aStorer/James A
650 _aDatastructures
942 _cBK
366 _f20
245 _aIntroduction to datastructures and algorithms
260 _bSpringer
_c2002
082 _a5.74
_bSTO
300 _a598
546 _aENGLISH
999 _c23715
_d23715